25 Famous People from Israel - Statistics

General Stats
  • This quiz has been taken 150 times
    33 since last reset
  • The average score is 9 of 25
Answer Stats
Hint Answer % Correct
Actress who portrayed superheroine Wonder Woman Gal Gadot
86%
Israeli politician who has served from 1996 to 1999, from 2009 to 2021 and since 2022 Benjamin Netanyahu
82%
Politician who was the first woman to become head of government in Israel Golda Meir
79%
One of the Twelve Apostles of Jesus Christ, remembered for betraying him Judas Iscariot
71%
Israeli-American actress who starred in Leon: Professional and Star Wars Natalie Portman
71%
Founder of the State of Israel and also served as Israel’s first prime minister David Ben-Gurion
68%
Israeli king whose figure appears in the Hebrew Bible, the Old Testament, the Quran, and Hadiths Solomon
64%
Politician, statesman, and general who was assassinated in November 1995 Yitzhak Rabin
57%
Co-founder of the rock band Kiss, also known by his stage persona, The Demon Gene Simmons
46%
A woman who travelled with Jesus and was a witness to his crucifixion and resurrection Mary Magdalene
46%
Israeli prime minister from 2001 to 2006 Ariel Sharon
39%
President and prime minister of Israel won the Nobel Peace Prize Shimon Peres
32%
Football manager known for his work with Chelsea, Portsmouth and West Ham United Avram Grant
18%
Military leader during the Suez Crisis and a fighting symbol of the new state of Israel Moshe Dayan
18%
Actress and singer known in the Western world as the Madonna of the East Ofra Haza
18%
Most capped Israeli football player of all time who played in Premier League Yossi Benayoun
18%
Basketball player who played for Washington Wizards and Portland Trailblazers Deni Avdija
14%
Polish-Israeli Jewish Holocaust survivor who was closely involved with industrialist Oskar Schindler Itzhak Stern
14%
One of the highest-paid Israeli models who hosted Eurovision Song Contest 2019 Bar Refaeli
11%
Israeli spy remembered for his espionage activities from 1961 to 1965 in Syria Eli Cohen
11%
Basketball player who became the first Israeli player to appear in an NBA Omri Casspi
11%
Israeli-American violinist who contracted polio at age four and has walked using leg braces and crutches since then Itzhak Perlman
7%
Actress best known for playing the female lead in film Angels & Demons Ayelet Zurer
4%
Soviet-born Israeli chess player who was awarded the title Grandmaster by FIDE Boris Gelfand
4%
Economist honoured with the 2002 Nobel Memorial Prize in Economic Sciences Daniel Kahneman
4%
No matching quizzes found
Score Distribution
Percent of People with Each Score
Percentile by Number Answered
Your Score History
You have not taken this quiz since the last reset